000 03694nam0a2200385 4500
001 RU\NLR\BIBL_A\012874330
005 20221118155644.0
010 _a978-5-907197-40-4
_9200
021 _aRU
_bКН-П-22-042591
_9КН-П-22-3680
035 _a(NLR Aleph) 012874330
035 _a(RuMoRGB)011127723
090 _a12499438
_c12499438
100 _a20220824d2021 k y0rusy50 ca
101 0 _arus
102 _aRU
105 _ay|||z|||100zy
181 0 _ai
_baxxe
182 0 _an
200 1 _aРусский язык в начальной школе: теория и методика преподавания
_eсборник материалов дистанционной Всероссийской научно-практической конференции с международным участием, г. Владимир, 26-27 ноября 2020 года
_fМинистерство науки и высшего образования Российской Федерации, Владимирский государственный университет имени А. Г. и Н. Г. Столетовых (ВлГУ), Международная академия наук педагогического образования (МАНПО)
_gредакционная коллегия: кандидат филологических наук, доцент Молодец И. И. (предс.)
203 _aТекст
_bвизуальный
_cнепосредственный
210 _aВладимир
_cШерлок-пресс
_d2021
215 _a101 с.
_d21
320 _aБиблиогр. в конце докл.
330 _aВ сборник включены статьи участников дистанционной Всероссийской научно-практической конференции с международным участием, которые отражают широкий круг вопросов и проблем методики преподавания русского языка, исследуемых в современном научном педагогическом знании и практической деятельности. Издание адресовано специалистам в области педагогики и психологии, а также широкому кругу педагогов, интересующихся актуальными проблемами методики преподавания русского языка, современными технологиями и формами профессионального развития учителя
606 1 _aРусский язык
_xПреподавание
_xНачальная школа
_jСъезды, совещания и т.п
_2nlr_sh2
_3RU\NLR\AUTH\66783620
675 _a373.3.016:811.161.1(082)
_v4
686 1 _aЧ426.131(2Р),01я431
702 1 _aМолодец
_bИ.И.
_gИрина Ивановна
711 1 2 _a"Русский язык в начальной школе: теория и методика преподавания", дистанционная всероссийская научно-практическая конференция с международным участием
_f2020
_eВладимир
_3RU\NLR\AUTH\880572262
712 0 2 _aВладимирский государственный университет им. А. Г. и Н. Г. Столетовых
_3RU\NLR\AUTH\889970406
_4570
942 _cBOOK
980 _aNB